| 000 | 00533nam a2200205Ia 4500 | ||
|---|---|---|---|
| 005 | 20240823050302.0 | ||
| 008 | 240823s9999||||xx |||||||||||||| ||und|| | ||
| 020 | _a978-0-7506-8695-2 | ||
| 041 | _aENGLISH | ||
| 082 | _A629.1354 Q3 | ||
| 100 | _a"Tooley,Mike" | ||
| 245 | 0 | _aAircraft Electrical and Electronics Systems | |
| 250 | _a1st | ||
| 260 |
_c2013 _bRoutledge Taylor & Fr |
||
| 500 | _aYES | ||
| 650 |
_aAircraft Electrical _bAeronautical Engineering |
||
| 700 | _a" Wyatt,David H" | ||
| 942 | _cBK | ||
| 999 |
_c216899 _d216899 |
||